Analýza výškovej budovy nepravidelného tvaru

Uložené v:
Podrobná bibliografia
Hlavný autor: Schlosáriková, Lucia (Autor)
Ďalší autori: Tvrdá, Katarína (Vedúci práce)
Médium: Rukopis Kniha
Jazyk:Slovak
Vydavateľské údaje: 2018
Predmet:
On-line prístup:http://is.stuba.sk/zp/portal_zp.pl?podrobnosti=146759
https://opac.crzp.sk/?fn=detailBiblioForm&sid=7748F8ABF7A423EAE570D63BD0B0
Tagy: Pridať tag
Žiadne tagy, Buďte prvý, kto otaguje tento záznam!

MARC

LEADER 00000ntm a22000003a 4500
001 stuzp68789
003 SK-STU
005 20230630130106.0
007 ta
008 150427s2015----xo-----f-mn---000-0-slo-d
040 |a STU  |b slo 
041 0 |a slo 
100 1 |a Schlosáriková, Lucia  |u 010250  |4 aut  |U SvF Stavebná fakulta  |T SvF Katedra stavebnej mechaniky  |X 51066  |U V250  |Y 26  |7 A000051066 
242 0 1 |a Analysis of irregularly shaped elevation buildings  |y eng 
245 1 0 |a Analýza výškovej budovy nepravidelného tvaru 
260 |c 2018 
650 4 |a vysoká budova  |2 slo 
650 4 |a nepravidelný pôdorys  |2 slo 
650 4 |a účinky vetra  |2 slo 
650 4 |a statika  |2 slo 
650 4 |a high-rise building  |2 eng 
650 4 |a irregular ground plan  |2 eng 
650 4 |a wind effects  |2 eng 
650 4 |a statics  |2 eng 
700 1 |a Tvrdá, Katarína  |u 010250  |k Z1  |4 ths  |U SvF Stavebná fakulta  |T SvF Katedra stavebnej mechaniky  |X 662  |U V250  |Y 26  |7 A000000662 
856 4 |u http://is.stuba.sk/zp/portal_zp.pl?podrobnosti=146759 
856 4 |u https://opac.crzp.sk/?fn=detailBiblioForm&sid=7748F8ABF7A423EAE570D63BD0B0